| 000 | 00607nam a22002057a 4500 | ||
|---|---|---|---|
| 003 | OSt | ||
| 005 | 20260422010415.0 | ||
| 008 | 260422b |||||||| |||| 00| 0 eng d | ||
| 020 | _a0-521-82946-1 | ||
| 040 |
_aDWCL-Main lib _cOC |
||
| 082 | _aCirc. 220.1 Sc359 2004 | ||
| 100 | _aSchniedewind, William M. | ||
| 245 |
_aHow the Bible became a book/ _cSchniedewind, William M. |
||
| 260 |
_aNew York : _bCambridge University Press, _cc2004 |
||
| 300 |
_axiii, 257 p. : _c23 cm. |
||
| 504 | _aIncludes index | ||
| 650 | _a1. Bible - history | ||
| 650 | _a2. I. Title | ||
| 942 |
_2ddc _cBK-CIRC _hCirc. _n0 |
||
| 999 |
_c9636 _d9636 |
||